Audio-visual education / (Record no. 124016)

MARC details
000 -LEADER
fixed length control field 00639nam a22002177a 4500
005 - DATE AND TIME OF LATEST TRANSACTION
control field 20170124105933.0
010 ## - LIBRARY OF CONGRESS CONTROL NUMBER
LC control number A-574325
020 ## - INTERNATIONAL STANDARD BOOK NUMBER
Terms of availability 00.00
International Standard Book Number 8120003099
035 ## - SYSTEM CONTROL NUMBER
System control number A-574325
037 ## - SOURCE OF ACQUISITION
Source of stock number/acquisition Cen Lib/Ret
040 ## - CATALOGING SOURCE
Original cataloging agency DPL
Language of cataloging EN
082 ## - DEWEY DECIMAL CLASSIFICATION NUMBER
Classification number 371.333
Item number WAG
100 ## - MAIN ENTRY--PERSONAL NAME
Personal name Waghmare, S.K.
9 (RLIN) 8905
245 ## - TITLE STATEMENT
Title Audio-visual education /
Statement of responsibility, etc by S.K. Waghmare
260 ## - PUBLICATION, DISTRIBUTION, ETC. (IMPRINT)
Place of publication, distribution, etc New Delhi
Name of publisher, distributor, etc Metropolitan
Date of publication, distribution, etc 1992
270 ## - ADDRESS
Address 1, Netaji Subhash marg
City New Delhi
Postal code 110002
300 ## - PHYSICAL DESCRIPTION
Extent 68p.
Dimensions 20cm(Hb)
650 ## - SUBJECT ADDED ENTRY--TOPICAL TERM
Topical term or geographic name as entry element Audio-visual education
9 (RLIN) 75001
650 ## - SUBJECT ADDED ENTRY--TOPICAL TERM
Topical term or geographic name as entry element Audio-visual education-India
9 (RLIN) 8907
942 ## - ADDED ENTRY ELEMENTS (KOHA)
Source of classification or shelving scheme Dewey Decimal Classification
Koha item type English Books
Classification part 371.333
Call number suffix WAG
Holdings
Withdrawn status Lost status Damaged status Not for loan Home library Current library Date acquired Source of acquisition Cost, normal purchase price Total Checkouts Full call number Barcode Date last seen Copy number Cost, replacement price Price effective from Koha item type Public note
Written off       Central Library Central Library 13/06/2015 Cen Lib/Ret 0.00   371.333 WAG A-574325 13/06/2015 1 0.00 13/06/2015 English Books Written off on approval by DLB (By Circulation); dtd 15-06-2023

© Delhi Public Library
Hit Counter
free hit counter